| 000 | 00377nam a22001457a 4500 | ||
|---|---|---|---|
| 003 | OSt | ||
| 005 | 20260204121258.0 | ||
| 008 | 260204b |||||||| |||| 00| 0 eng d | ||
| 020 | _a0737716096 | ||
| 040 | _cGREENHAVEN PRESS | ||
| 050 | _aPIUDLMUR922 | ||
| 245 |
_aCOMPUTERS AND EDUCATION _cTHOMSON GALE |
||
| 260 |
_aFARMINGTON HILLS _bGREENHAVEN PRESS _c2003 |
||
| 942 |
_2ddc _cBK _n0 |
||
| 999 |
_c9939 _d9939 |
||